000 00849nam a2200217 a 4500
005 20260204064121.0
008 991125s1975 mx 000 0 spa u
035 _aUPN01000005682
049 _aCE
050 4 _aZ718.7
_bS6.2
100 1 _aSommer, Maty Finkelman de
245 1 0 _aBiblioteca circulante en el salón de clases /
_cMaty Finkelman de Sommer, Silvia Dubovoy de Graber.
260 _aMéxico :
_bExtemporáneos,
_c1975.
300 _a6 v. :
_bil. +
_emanual
505 8 _aContenido:
_gv.1-2,5.
_tUn sistema para crear el hábito de la lectura en el niño --
_gv.4.
_tLectura especializada --
_gv.6.
_tDiferentes tipos de lectura hábito y gozo
650 2 _aBibliotecas escolares
_92963
650 4 _aBibliotecas y estudiantes
_93876
650 4 _aLiteratura infantil
_94445
700 1 _aDubovoy de Graber, Silvia,
_ecoaut.
905 _aLibro
999 _c5682
_d5682